| 000 | 00513nam a2200145Ia 4500 | ||
|---|---|---|---|
| 008 | 140724s9999 xx 000 0 und d | ||
| 050 |
_aT 58.6 _b.C118 2013 |
||
| 100 | _aCaceres, Cleo Lainne M. | ||
| 245 |
_aPatient information management system for Dr. Liana Magbanua-Caceres Clinic / _cCleo Lainne M. Caceres. |
||
| 260 |
_aLas PiƱas, Philippines : _bSouthville International School and Colleges, _cc2013. |
||
| 300 |
_a97 p. : _c28 cm. |
||
| 521 | _aInformation Technology | ||
| 942 | _cTH | ||
| 999 |
_c229113 _d229113 |
||